GUESS THE RAP ALBUMS 2 - Statistics

General Stats
  • This quiz has been taken 88 times
    40 since last reset
  • The average score is 29 of 51
Answer Stats
Picture Hint Answer % Correct
Travis Scott UTOPIA
100%
Kendrick Lamar GNX
97%
Tyler, The Creator IGOR
94%
Drake Certified Lover Boy
85%
Drake Take Care
82%
Kendrick Lamar good kid, m.A.A.d city
79%
Drake & 21 Savage Her Loss
76%
Kanye West My Beautiful Dark Twisted Fantasy
76%
Lil Wayne Tha Carter V
76%
Future & Metro Boomin' WE DON'T TRUST YOU
76%
Juice WRLD Legends Never Die
74%
Kanye West Yeezus
74%
J. Cole 2014 Forest Hills Drive
71%
2Pac All Eyez On Me
71%
21 Savage i am > i was
71%
NaS Illmatic
71%
Lil Uzi Vert Pink Tape
71%
Playboi Carti Whole Lotta Red
71%
Travis Scott Birds in the Trap Sing McKnight
68%
Tyler, The Creator CALL ME IF YOU GET LOST
68%
Future DS2
68%
A$AP Rocky LIVE.LOVE.A$AP
68%
Joey Bada$$ 1999
65%
Playboi Carti Playboi Carti
65%
Eminem Recovery
65%
J. Cole KOD
59%
Migos Culture III
53%
Nicki Minaj Pink Friday
53%
Eminem The Marshall Mathers LP
53%
Future FUTURE
50%
Lil Uzi Vert Luv Is Rage 2
47%
Kid Cudi Man on the Moon II: The Legend of Mr. Rager
47%
Metro Boomin' NOT ALL HEROES WEAR CAPES
47%
Ken Car$on A Great Chaos
44%
Young Thug JEFFERY
44%
Gunna One of Wun
44%
Post Malone Beerbongs & Bentleys
41%
Mac Miller Circles
41%
JAY-Z The Black Album
41%
Chance The Rapper Coloring Book
38%
Yëat 2093
35%
Chance The Rapper The Big Day
35%
XXXTENTACION bad vibes forever
32%
Young Thug Barter 6
32%
MadGibbs, Freddie Gibbs & Madlib Piñata
32%
Baby Keem DIE FOR MY BITCH
29%
Pusha T It's Almost Dry
29%
Mac Miller Faces
26%
JPEGMAFIA LP!
24%
DaBaby BLAME IT ON BABY
21%
Death Grips The Powers That B
15%
No matching quizzes found
Score Distribution
Percent of People with Each Score
Percentile by Number Answered
Your Score History
You have not taken this quiz since the last reset